African Enclosures? (Record no. 6817)

MARC details
000 -LEADER
fixed length control field 00537nam a22001937a 4500
003 - CONTROL NUMBER IDENTIFIER
control field OSt
005 - DATE AND TIME OF LATEST TRANSACTION
control field 20210315154729.0
008 - FIXED-LENGTH DATA ELEMENTS--GENERAL INFORMATION
fixed length control field 210315b ||||| |||| 00| 0 eng d
020 ## - INTERNATIONAL STANDARD BOOK NUMBER
International Standard Book Number 0852554168
040 ## - CATALOGING SOURCE
Transcribing agency DDC.
082 ## - DEWEY DECIMAL CLASSIFICATION NUMBER
Classification number 307.1WOO 2000.
100 ## - MAIN ENTRY--PERSONAL NAME
Personal name Woodhouse,philip;[et...al]
9 (RLIN) 13967
245 ## - TITLE STATEMENT
Title African Enclosures?
Remainder of title The Social Dynamics of Wetlands in Drylands.
260 ## - PUBLICATION, DISTRIBUTION, ETC. (IMPRINT)
Place of publication, distribution, etc. Nairobi,
Name of publisher, distributor, etc. EAEP,
Date of publication, distribution, etc. 2000.
300 ## - PHYSICAL DESCRIPTION
Extent 238p;
Other physical details ill,
Dimensions 24cm.
504 ## - BIBLIOGRAPHY, ETC. NOTE
Bibliography, etc includes index,
650 ## - SUBJECT ADDED ENTRY--TOPICAL TERM
Topical term or geographic name as entry element Social Dynamics.
9 (RLIN) 13968
942 ## - ADDED ENTRY ELEMENTS (KOHA)
Source of classification or shelving scheme Dewey Decimal Classification
Koha item type Open Shelf
Holdings
Withdrawn status Lost status Source of classification or shelving scheme Damaged status Not for loan Home library Current library Date acquired Source of acquisition Inventory number Total Checkouts Full call number Barcode Date last seen Price effective from Koha item type
    Dewey Decimal Classification     MUST Main Library MUST Main Library 15/03/2021 Purchase 03/18043   307.1WOO 2000. 2021-0264 15/03/2021 15/03/2021 Open Shelf
    Dewey Decimal Classification     MUST Main Library MUST Main Library 27/06/2024 Purchase 2003/18042   307.1WOO 2000. 2024-21560 27/06/2024 27/06/2024 Open Shelf